Corporate governance in Colombian universities (Record no. 512704)

000 -LEADER
fixed length control field 01300nam a2200169 4500
008 - FIXED-LENGTH DATA ELEMENTS--GENERAL INFORMATION
fixed length control field 191210b ||||| |||| 00| 0 eng d
100 ## - MAIN ENTRY--PERSONAL NAME
Personal name Florez-Parra, Jesus Mauricio
245 ## - TITLE STATEMENT
Title Corporate governance in Colombian universities
260 ## - PUBLICATION, DISTRIBUTION, ETC. (IMPRINT)
Name of publisher, distributor, etc International Review of Administrative Sciences
300 ## - PHYSICAL DESCRIPTION
Extent 85(3), Sep, 2019: p.544-565.
520 ## - SUMMARY, ETC.
Summary, etc In a context of greater demands in terms of accountability and transparency in management, we analyse the extent to which Corporate Governance (CG) mechanisms have been adopted and we define the model of governance in universities in Colombia. In the field of higher education, there are usually no compulsory requirements related to CG. Nevertheless, governance mechanisms are nowadays crucial in determining the objectives, strategies and direction of universities. Based on a survey of 81 rectors of higher education institutions in Colombia, we analyse the models of CG adopted (managerial and stakeholder models). The results contribute to a better understanding of key CG concepts at universities. - Reproduced.
700 ## - ADDED ENTRY--PERSONAL NAME
Personal name Lopez-Perez, Maria Victoria
9 (RLIN) 14409
700 ## - ADDED ENTRY--PERSONAL NAME
Personal name Lopez-Hernandez, Antonio Manuel
9 (RLIN) 14410
773 ## - HOST ITEM ENTRY
Main entry heading International Review of Administrative Sciences
906 ## - LOCAL DATA ELEMENT F, LDF (RLIN)
Subject DIP Corporate governance
942 ## - ADDED ENTRY ELEMENTS (KOHA)
Source of classification or shelving scheme
Item type Articles
Holdings
Withdrawn status Lost status Source of classification or shelving scheme Damaged status Not for loan Permanent location Current location Date acquired Serial Enumeration / chronology Barcode Date last seen Koha item type
          Indian Institute of Public Administration Indian Institute of Public Administration 2019-12-10 85(3), Sep, 2019: p.544-565. AR122034 2019-12-10 Articles

Powered by Koha